000 00612nam a2200229Ia 4500
008 171120s9999 xx 000 0 und d
020 _a9.7808777967e+012
050 _a463.21
050 _bM568 2004
245 _aMerriam-webster's notebook Spanish-English dictionary /
260 _aUSA :
260 _bMerriam- webster,
260 _c2004
300 _a105 pages :
300 _billustrations ;
300 _c27cm.
650 _aEnglish language --
650 _aEnglish language.
650 _aSpanish language --
650 _xDictionaries -- English.
650 _xDictionaries -- Spanish.
999 _c345013
_d345013